00325 a2200145 450000100060000002000150000604000220002110000370004324000200008024500150010030000080011536200090012344000080013265000390014059345 a8532259936 cAnchieta - Pituba aCondeixa, Maria Cecília Guedes10aCiênciaslpor10aCiências a2880 a2006 1aFTD 4aCiências naturais e matemática